PLAGUS CONTAL IN INDIA (Record no. 7372)

MARC details
000 -LEADER
fixed length control field 00306nam a2200133Ia 4500
008 - FIXED-LENGTH DATA ELEMENTS--GENERAL INFORMATION
fixed length control field 150301s2015 xx 000 0 und d
082 ## - DEWEY DECIMAL CLASSIFICATION NUMBER
Classification number 614.1
Item number P05A
100 ## - MAIN ENTRY--PERSONAL NAME
Personal name AGARWAL, S.P
245 ## - TITLE STATEMENT
Title PLAGUS CONTAL IN INDIA
260 ## - PUBLICATION, DISTRIBUTION, ETC. (IMPRINT)
Name of publisher, distributor, etc. MHFW INDIA
300 ## - PHYSICAL DESCRIPTION
Extent 125
650 ## - SUBJECT ADDED ENTRY--TOPICAL TERM
Topical term or geographic name as entry element PHARMACEUTICS
942 ## - ADDED ENTRY ELEMENTS (KOHA)
Source of classification or shelving scheme Dewey Decimal Classification
Koha item type Books
Koha issues (borrowed), all copies 1
Holdings
Withdrawn status Lost status Source of classification or shelving scheme Damaged status Not for loan Collection code Home library Current library Date acquired Source of acquisition SGTU Total Checkouts Full call number Barcode Date last seen Date last checked out Bill Date Koha item type
    Dewey Decimal Classification     PHARMACY SGT FA-FP Library SGT FA-FP Library 02/07/2015 ABC-DELHI SGTU 1 614.1 P05A FP1431 22/11/2023 09/11/2023 02/07/2015 Books